Observaciones críticas sobre el concepto de poder en Hannah Arendt /
En el presente artículo se hace un análisis del concepto de poder en el pensamiento político de Hannah Arendt. Entre las principales observaciones efectuadas por el autor están las siguientes : a- La crítica de Arendt a la definición tradicional del poder, que lo identifica con una relación de mando...
Saved in:
| Main Author: | |
|---|---|
| Format: | Text |
| Subjects: | |
| Tags: |
Add Tag
No Tags, Be the first to tag this record!
|
MARC
| LEADER | 00000 a a2200000 04500 | ||
|---|---|---|---|
| 001 | 4604 | ||
| 003 | |||
| 040 | |||
| 090 | |a REV1025 (20) 1998 | ||
| 100 | |a Guevara, Pedro | ||
| 245 | |a Observaciones críticas sobre el concepto de poder en Hannah Arendt / |c Pedro Guevara | ||
| 520 | |a En el presente artículo se hace un análisis del concepto de poder en el pensamiento político de Hannah Arendt. Entre las principales observaciones efectuadas por el autor están las siguientes : a- La crítica de Arendt a la definición tradicional del poder, que lo identifica con una relación de mando y obediencia en la que un actor impone su voluntad sobre otro, es insuficiente para llegar a la conclusión de que esa definición carece de validez para entender y describir el poder en el mundo actual |a b- El concepto de poder que Arendt propone tiene limitaciones superiores a las que presenta el concepto tradicional que ella rechaza, tales como: es demasiado amplio, por lo que no diferencia el poder de otros fenómenos sociales que nada tienen que ver con él |a no queda clara la diferencia entre el poder político y las demás formas de poder |a es contrario a las nociones más elementales e intuitivas que tenemos del poder, y, finalmente, representa un retroceso con respecto a la teoría relacional del poder predominante en la ciencia política |a c- por su rechazo absoluto a la violencia no logra apreciar las potencialidades analíticas del concepto de violencia legítima, especialmente cuando se lo vincula al fenómeno de la autoridad |a y d- Aunque aborda y analiza el concepto de autoridad, se limita a estudiarlo en su significado histórico original, por lo que se pierde de aplicar la riqueza analítica del concepto cuando se lo relaciona y contrasta con el de poder. REV//JMML | ||
| 650 | |a CIENCIA POLITICA | ||
| 650 | |a PODER POLITICO | ||
| 650 | |a LEGITIMIDAD | ||
| 773 | |g número 20, (1998), páginas 11-40. | ||
| 999 | |c 31763 |d 31763 | ||
